[Event "Titled Tuesday intern op 06th Feb Early"]
[Site "Chess.com INT"]
[Date "2024.02.06"]
[Round "3"]
[White "Khegay, Yuliya"]
[Black "Leyva Proenza, Ricardo"]
[Result "1-0"]
[WhiteElo "1798"]
[BlackElo "2333"]
[PlyCount "47"]
[EventDate "2024.02.06"]
[EventType "swiss (blitz)"]
[EventRounds "11"]
[EventCountry "USA"]
[SourceTitle "CB07_2024"]
[SourceDate "2024.02.14"]
[SourceVersion "1"]
[SourceVersionDate "2024.02.14"]
[SourceQuality "1"]

1. e4 e5 2. Nf3 Nc6 3. Bb5 a6 4. Bxc6 dxc6 5. 0-0 f6 6. d4 exd4 7. Nxd4 c5 8. Ne2 Qxd1 9. Rxd1 Bg4 10. f3 Bd7 11. Nbc3 0-0-0 12. Bf4 Ne7 13. Nd5 Nxd5 14. Rxd5 Re8 15. Rad1 Be6 16. R5d3 Bxa2 17. b3 c4 18. Rc3 Bc5+ 19. Kf1 Rd8 20. Ra1 Bb6 21. Rxc4 Rd7 22. Nc3 Bxb3 23. cxb3 Rhd8 24. Nd5 1-0

[Event "Titled Tuesday intern op 06th Feb Late"]
[Site "Chess.com INT"]
[Date "2024.02.06"]
[Round "2"]
[White "Leyva Proenza, Ricardo"]
[Black "Eggleston, Thomas"]
[Result "0-1"]
[WhiteElo "2333"]
[BlackElo "2188"]
[PlyCount "54"]
[EventDate "2024.02.06"]
[EventType "swiss (blitz)"]
[EventRounds "11"]
[EventCountry "USA"]
[SourceTitle "CB07_2024"]
[SourceDate "2024.02.14"]
[SourceVersion "1"]
[SourceVersionDate "2024.02.14"]
[SourceQuality "1"]

1. e4 e6 2. d4 d5 3. Nc3 Nf6 4. Bg5 h6 5. Bxf6 Qxf6 6. Nf3 Bb4 7. e5 Qd8 8. a3 Be7 9. Bd3 c5 10. dxc5 Bxc5 11. 0-0 Nc6 12. b4 Bb6 13. Re1 Bd7 14. Na4 Nxe5 15. Nxe5 Bxa4 16. Qh5 Qf6 17. Nxf7 0-0 18. Ne5 Bxf2+ 19. Kh1 Bxe1 20. Rxe1 Bxc2 21. Qe2 Bxd3 22. Qxd3 Qf5 23. Qd1 Rac8 24. h3 Rc2 25. Nf3 Rb2 26. Nd4 Qf2 27. Rg1 Rd2 0-1

[Event "Titled Tuesday intern op 26th Sep Late"]
[Site "Chess.com INT"]
[Date "2023.09.26"]
[Round "5"]
[White "Boros, Denes"]
[Black "Leyva Proenza, Ricardo"]
[Result "0-1"]
[WhiteElo "2399"]
[BlackElo "2333"]
[PlyCount "138"]
[EventDate "2023.09.26"]
[EventType "swiss (blitz)"]
[EventRounds "11"]
[EventCountry "USA"]
[SourceTitle "EXT 2024"]
[Source "ChessBase"]
[SourceDate "2023.10.10"]
[SourceVersion "1"]
[SourceVersionDate "2023.10.10"]
[SourceQuality "1"]

1. c4 e5 2. d4 exd4 3. Nf3 c5 4. e3 dxe3 5. Bxe3 Nc6 6. Nc3 Nf6 7. Bd3 Be7 8. 0-0 0-0 9. Nd5 Nxd5 10. cxd5 Nb4 11. d6 Bf6 12. Bxc5 Nxd3 13. Qxd3 Bxb2 14. Rae1 b6 15. Bd4 Bxd4 16. Qxd4 Ba6 17. Re4 Bxf1 18. Rg4 f6 19. Qd5+ Kh8 20. Nh4 f5 21. Ng6+ hxg6 22. Rg3 Qh4 23. Kxf1 Rac8 24. Rh3 Qxh3 25. gxh3 Rc6 26. Qe5 Rf6 27. Qe8+ Kh7 28. Qxd7 a5 29. a4 Rfxd6 30. Qe7 Rd2 31. Qh4+ Kg8 32. Qg5 Rcc2 33. Qxg6 Rxf2+ 34. Ke1 Rce2+ 35. Kd1 Rd2+ 36. Ke1 Rfe2+ 37. Kf1 Re5 38. Qxb6 Rdd5 39. h4 f4 40. Kf2 Kh7 41. Kf3 Rf5 42. Qe6 Rfe5 43. Qb6 Rc5 44. Qb1+ Kh6 45. Qb8 Red5 46. Kg4 Kh7 47. Qb1+ Kg8 48. Qb8+ Kf7 49. Qb6 Rf5 50. Qb3+ Kf8 51. Qf3 Kf7 52. h5 Kf6 53. h4 Ke6 54. Qe4+ Rfe5 55. Qg6+ Kd5 56. Qf7+ Ke4 57. Qxg7 f3 58. Qf6 Kd4 59. Qxf3 Re4+ 60. Kg3 Re3 61. h6 Rxf3+ 62. Kxf3 Rh5 63. Kg4 Rxh6 64. Kg5 Rxh4 65. Kxh4 Kc4 66. Kg4 Kb4 67. Kf4 Kxa4 68. Ke3 Kb3 69. Kd2 Kb2 0-1

[Event "Titled Tuesday intern op 26th Sep Late"]
[Site "Chess.com INT"]
[Date "2023.09.26"]
[Round "2"]
[White "Iturrizaga Bonelli, Eduardo"]
[Black "Leyva Proenza, Ricardo"]
[Result "0-1"]
[WhiteElo "2615"]
[BlackElo "2333"]
[PlyCount "80"]
[EventDate "2023.09.26"]
[EventType "swiss (blitz)"]
[EventRounds "11"]
[EventCountry "USA"]
[SourceTitle "EXT 2024"]
[Source "ChessBase"]
[SourceDate "2023.10.10"]
[SourceVersion "1"]
[SourceVersionDate "2023.10.10"]
[SourceQuality "1"]

1. c4 Nf6 2. g3 e6 3. Bg2 d5 4. Nf3 Be7 5. 0-0 0-0 6. d4 dxc4 7. Qc2 a6 8. a4 Ra7 9. Rd1 b6 10. Nbd2 Bb7 11. Nxc4 Nbd7 12. Nfe5 Bxg2 13. Kxg2 Qa8+ 14. f3 Rc8 15. Bg5 h6 16. Nxd7 hxg5 17. Nde5 Qb7 18. Nxf7 Kxf7 19. Ne5+ Kg8 20. Nc6 Bf8 21. e4 Raa8 22. Rac1 Re8 23. h3 a5 24. Qb3 Kh7 25. Rc2 Kg6 26. Rdc1 Rac8 27. Qd3 Kf7 28. Qe3 b5 29. Qxg5 bxa4 30. Ne5+ Kg8 31. Qg6 c5 32. dxc5 Bxc5 33. Rxc5 Rxc5 34. Rxc5 Qxb2+ 35. Kf1 Qa1+ 36. Ke2 Qb2+ 37. Ke3 Qb6 38. Nd3 Rc8 39. Qg5 a3 40. Qe5 a2 0-1

[Event "Titled Tuesday intern op 19th Sep Late"]
[Site "Chess.com INT"]
[Date "2023.09.19"]
[Round "5"]
[White "Leyva Proenza, Ricardo"]
[Black "Swicarz, Maciej"]
[Result "0-1"]
[WhiteElo "2333"]
[BlackElo "2261"]
[PlyCount "96"]
[EventDate "2023.09.19"]
[EventType "swiss (blitz)"]
[EventRounds "11"]
[EventCountry "USA"]
[SourceTitle "EXT 2024"]
[Source "ChessBase"]
[SourceDate "2023.10.10"]
[SourceVersion "1"]
[SourceVersionDate "2023.10.10"]
[SourceQuality "1"]

1. e4 c5 2. Nf3 d6 3. d4 cxd4 4. Nxd4 Nf6 5. Nc3 a6 6. Bc4 e6 7. Bb3 Be7 8. g4 h6 9. Be3 b5 10. f3 Bd7 11. Qe2 b4 12. Nd1 a5 13. Nf2 a4 14. Bc4 Nc6 15. Nxc6 Bxc6 16. 0-0-0 Qc7 17. h4 d5 18. g5 dxc4 19. gxf6 Bxf6 20. Qxc4 a3 21. b3 Qb7 22. Bd4 Bxd4 23. Qxd4 0-0 24. Rhg1 f6 25. Ng4 e5 26. Qc4+ Kh7 27. Ne3 Bd7 28. Rd2 Rac8 29. Qd5 Bc6 30. Qd6 Rcd8 31. Qxd8 Rxd8 32. Rxd8 Qb6 33. Rd3 Bb5 34. Rgd1 Bxd3 35. Rxd3 Qc5 36. h5 Qa7 37. Kd2 g6 38. hxg6+ Kxg6 39. Ke2 Kg5 40. Rd1 h5 41. Rg1+ Kh6 42. Nf5+ Kh7 43. Rg2 Qc5 44. Kd1 Qc3 45. Rg7+ Kh8 46. Rb7 Qxf3+ 47. Kd2 Qxe4 48. Ne7 Qxb7 0-1

[Event "Titled Tuesday intern op 12th Sep Late"]
[Site "Chess.com INT"]
[Date "2023.09.12"]
[Round "10"]
[White "Popov, Konstantin"]
[Black "Leyva Proenza, Ricardo"]
[Result "1-0"]
[WhiteElo "2345"]
[BlackElo "2333"]
[PlyCount "91"]
[EventDate "2023.09.12"]
[EventType "swiss (blitz)"]
[EventRounds "11"]
[EventCountry "USA"]
[SourceTitle "EXT 2024"]
[Source "ChessBase"]
[SourceDate "2023.10.10"]
[SourceVersion "1"]
[SourceVersionDate "2023.10.10"]
[SourceQuality "1"]

1. e4 e5 2. Nf3 Nc6 3. Bb5 a6 4. Ba4 b5 5. Bb3 Bb7 6. 0-0 Nf6 7. d3 Bc5 8. a4 d6 9. Nc3 b4 10. Nd5 Na5 11. Nxf6+ Qxf6 12. Ba2 0-0 13. Be3 Rab8 14. Bxc5 dxc5 15. Nd2 Bc8 16. Nc4 Nc6 17. Ne3 Nd4 18. c3 Ne6 19. Nd5 Qd8 20. Bc4 a5 21. f4 c6 22. fxe5 cxd5 23. exd5 Qg5 24. dxe6 Bxe6 25. Bxe6 fxe6 26. Qe2 h6 27. g3 Rbd8 28. Rae1 Rf5 29. Rxf5 Qxf5 30. Rd1 Rd5 31. d4 bxc3 32. bxc3 cxd4 33. cxd4 Kh7 34. Qd3 Qxd3 35. Rxd3 Rd7 36. Kf2 Kg6 37. Ke3 Kf5 38. Rd1 Rb7 39. Rf1+ Kg6 40. d5 exd5 41. Kd4 Rb4+ 42. Kxd5 Rxa4 43. e6 Ra2 44. e7 Re2 45. Kd6 a4 46. Rf8 1-0

[Event "Titled Tuesday intern op 2nd July"]
[Site "Chess.com INT"]
[Date "2019.07.02"]
[Round "1"]
[White "Leyva Proenza, Ricardo"]
[Black "Boros, Denes"]
[Result "1/2-1/2"]
[WhiteElo "2333"]
[BlackElo "2467"]
[PlyCount "74"]
[EventDate "2019.07.02"]
[EventType "swiss (blitz)"]
[EventRounds "10"]
[EventCountry "USA"]
[SourceTitle "EXT 2021"]
[Source "ChessBase"]
[SourceDate "2020.10.23"]
[SourceVersion "1"]
[SourceVersionDate "2020.10.23"]
[SourceQuality "1"]

1. e4 c6 2. d4 d5 3. Nd2 dxe4 4. Nxe4 Bf5 5. Ng3 Bg6 6. h4 h6 7. h5 Bh7 8. Nf3 Nd7 9. Bd3 Bxd3 10. Qxd3 e6 11. Bd2 Ngf6 12. 0-0-0 Be7 13. Ne4 Nxe4 14. Qxe4 Nf6 15. Qe2 Qd5 16. Kb1 Qe4 17. Qxe4 Nxe4 18. Be3 0-0-0 19. Ne5 Rhf8 20. f3 Ng3 21. Rh3 Nf5 22. Bf2 Bf6 23. f4 Bxe5 24. fxe5 f6 25. exf6 Rxf6 26. Rf3 e5 27. c3 e4 28. Rh3 Re8 29. g4 e3 30. gxf5 exf2 31. Rf3 Re2 32. a4 Kd7 33. Kc1 Kd6 34. Rd2 Re1+ 35. Rd1 Re2 36. Rd2 Re1+ 37. Rd1 Re2 1/2-1/2

[Event "Titled Tuesday intern op 2nd July"]
[Site "Chess.com INT"]
[Date "2019.07.02"]
[Round "2"]
[White "Leyva Proenza, Ricardo"]
[Black "Kosteniuk, Alexandra"]
[Result "0-1"]
[WhiteElo "2333"]
[BlackElo "2517"]
[PlyCount "68"]
[EventDate "2019.07.02"]
[EventType "swiss (blitz)"]
[EventRounds "10"]
[EventCountry "USA"]
[SourceTitle "EXT 2021"]
[Source "ChessBase"]
[SourceDate "2020.10.23"]
[SourceVersion "1"]
[SourceVersionDate "2020.10.23"]
[SourceQuality "1"]

1. e4 c5 2. Nf3 Nc6 3. d4 cxd4 4. Nxd4 Nf6 5. Nc3 d6 6. Bc4 e6 7. Bb3 a6 8. Be3 Na5 9. Qe2 Qc7 10. 0-0-0 b5 11. f3 b4 12. Na4 Nxb3+ 13. axb3 Nd7 14. Kb1 Be7 15. h4 Nc5 16. Bg5 Bxg5 17. hxg5 Bd7 18. Qd2 a5 19. Nxc5 dxc5 20. Ne2 a4 21. Nf4 axb3 22. cxb3 Ke7 23. Rc1 Rhd8 24. Rxh7 Qa5 25. Ng6+ fxg6 26. Rxg7+ Kf8 27. Rh7 Qa2+ 28. Kc2 Qxb3+ 29. Kxb3 Ba4+ 30. Kc4 Rxd2 31. Rh8+ Ke7 32. Rxa8 Bc6 33. Ra7+ Kd6 34. b3 Rd4# 0-1

[Event "Titled Tuesday intern op 2nd July"]
[Site "Chess.com INT"]
[Date "2019.07.02"]
[Round "5"]
[White "Mohammad, Nubairshah Shaikh"]
[Black "Leyva Proenza, Ricardo"]
[Result "1-0"]
[WhiteElo "2449"]
[BlackElo "2333"]
[PlyCount "65"]
[EventDate "2019.07.02"]
[EventType "swiss (blitz)"]
[EventRounds "10"]
[EventCountry "USA"]
[SourceTitle "EXT 2021"]
[Source "ChessBase"]
[SourceDate "2020.10.23"]
[SourceVersion "1"]
[SourceVersionDate "2020.10.23"]
[SourceQuality "1"]

1. Nf3 Nf6 2. c4 g6 3. Nc3 Bg7 4. d4 d6 5. e4 0-0 6. Be2 e5 7. 0-0 Nc6 8. d5 Ne7 9. Qc2 c5 10. dxc6 Nxc6 11. Rd1 Bg4 12. Be3 Bxf3 13. Bxf3 Nd4 14. Bxd4 exd4 15. Rxd4 Rc8 16. Rad1 Qe7 17. Qb3 Rc6 18. Qa3 Ra6 19. Qb3 Rb6 20. Qc2 Qe6 21. b3 Nh5 22. R4d2 Nf4 23. Nd5 Nxd5 24. exd5 Qc8 25. h4 Re8 26. h5 Ra6 27. c5 Bh6 28. Re2 dxc5 29. Rxe8+ Qxe8 30. d6 Bf8 31. d7 Qd8 32. Qe4 Rb6 33. Qe8 1-0

[Event "Titled Tuesday intern op 1st Jan"]
[Site "Chess.com INT"]
[Date "2019.01.01"]
[Round "4"]
[White "Leyva Proenza, Ricardo"]
[Black "Kevlishvili, Robby"]
[Result "0-1"]
[WhiteElo "2333"]
[BlackElo "2453"]
[PlyCount "74"]
[EventDate "2019.01.01"]
[EventType "swiss (blitz)"]
[EventRounds "10"]
[EventCountry "USA"]
[SourceTitle "EXT 2021"]
[Source "ChessBase"]
[SourceDate "2020.10.23"]
[SourceVersion "1"]
[SourceVersionDate "2020.10.23"]
[SourceQuality "1"]

1. e4 e5 2. Nf3 Nc6 3. Bb5 a6 4. Bxc6 dxc6 5. Nc3 f6 6. d4 exd4 7. Nxd4 c5 8. Nde2 Qxd1+ 9. Nxd1 Be6 10. Bf4 0-0-0 11. Ne3 Ne7 12. Rd1 Rxd1+ 13. Kxd1 Ng6 14. Bg3 Bd6 15. Kc1 Rd8 16. Rd1 Be7 17. Rxd8+ Kxd8 18. f4 Bf7 19. f5 Ne5 20. a3 Nc6 21. Bf4 Kd7 22. g4 c4 23. Kd2 b5 24. Nd5 Bd6 25. Ke3 Bc5+ 26. Kf3 Bxd5 27. exd5 Nd4+ 28. Nxd4 Bxd4 29. c3 Bc5 30. h4 Bd6 31. Ke4 Bxf4 32. Kxf4 Kd6 33. Ke4 Kc5 34. g5 a5 35. h5 h6 36. gxh6 gxh6 37. d6 cxd6 0-1

[Event "Titled Tuesday intern op 1st Jan"]
[Site "Chess.com INT"]
[Date "2019.01.01"]
[Round "3"]
[White "Leyva Proenza, Ricardo"]
[Black "Pena Gomez, Manuel"]
[Result "1-0"]
[WhiteElo "2333"]
[BlackElo "2494"]
[PlyCount "101"]
[EventDate "2019.01.01"]
[EventType "swiss (blitz)"]
[EventRounds "10"]
[EventCountry "USA"]
[SourceTitle "EXT 2021"]
[Source "ChessBase"]
[SourceDate "2020.10.23"]
[SourceVersion "1"]
[SourceVersionDate "2020.10.23"]
[SourceQuality "1"]

1. e4 c5 2. Nf3 d6 3. d4 cxd4 4. Nxd4 Nf6 5. Nc3 a6 6. Bc4 e6 7. Bb3 Nbd7 8. Bg5 Nc5 9. Qe2 Be7 10. f4 h6 11. Bxf6 Bxf6 12. 0-0-0 0-0 13. g4 Nxb3+ 14. axb3 Qc7 15. h4 g6 16. g5 hxg5 17. hxg5 Bg7 18. f5 exf5 19. Nd5 Qd8 20. Rdg1 Re8 21. Nf3 Rxe4 22. Qh2 Be6 23. Qh7+ Kf8 24. Nf6 Bxf6 25. gxf6 Qxf6 26. Qh8+ Qxh8 27. Rxh8+ Ke7 28. Rxa8 Bd5 29. Kd2 Rf4 30. Ng5 Kf6 31. c4 Be6 32. Nxe6 fxe6 33. Rg8 g5 34. R8xg5 Rf2+ 35. Kc3 f4 36. Rg6+ Kf7 37. Rg7+ Kf6 38. R1g6+ Kf5 39. Rg5+ Kf6 40. R7g6+ Kf7 41. Rh6 Rf3+ 42. Kd4 Rf2 43. Rgg6 e5+ 44. Ke4 Re2+ 45. Kf5 f3 46. Rh7+ Kf8 47. Rf6+ Kg8 48. Rff7 f2 49. Rfg7+ Kf8 50. Kg6 f1Q 51. Rh8# 1-0

[Event "Titled Tuesday intern op 6th Nov"]
[Site "Chess.com INT"]
[Date "2018.11.06"]
[Round "10"]
[White "Leyva Proenza, Ricardo"]
[Black "Moskalenko, Alexander"]
[Result "0-1"]
[WhiteElo "2333"]
[BlackElo "2517"]
[PlyCount "94"]
[EventDate "2018.11.06"]
[EventType "swiss (blitz)"]
[EventRounds "10"]
[EventCountry "USA"]
[SourceTitle "EXT 2021"]
[Source "ChessBase"]
[SourceDate "2020.10.23"]
[SourceVersion "1"]
[SourceVersionDate "2020.10.23"]
[SourceQuality "1"]

1. e4 c5 2. Nf3 d6 3. d4 cxd4 4. Nxd4 Nf6 5. Nc3 a6 6. f3 e6 7. Be3 h5 8. Bc4 b5 9. Bb3 Nbd7 10. 0-0 Ne5 11. Qe2 Qc7 12. a4 b4 13. Na2 Rb8 14. c3 bxc3 15. Nxc3 Be7 16. Rfc1 Qb7 17. h3 Bd7 18. a5 0-0 19. Na4 Bxa4 20. Bxa4 Qxb2 21. Qxa6 d5 22. Nc6 Nxc6 23. Qxc6 dxe4 24. fxe4 Qe5 25. a6 Bd6 26. a7 Rb2 27. Bc2 Qg3 28. Bf2 Qh2+ 29. Kf1 Qh1+ 30. Bg1 Bh2 31. Kf2 Bxg1+ 32. Rxg1 Qh2 33. a8Q Rxa8 34. Rxa8+ Kh7 35. e5+ g6 36. exf6 Qf4+ 37. Ke2 Qe5+ 38. Kd2 Qd4+ 39. Kc1 Rb6 40. Qe8 Qxg1+ 41. Bd1 Qe3+ 42. Kc2 Qb3+ 43. Kd2 Rd6+ 44. Ke2 Qxd1+ 45. Kf2 Qd4+ 46. Ke2 Qe5+ 47. Kf3 Qxf6+ 0-1

[Event "Titled Tuesday intern op 6th Nov"]
[Site "Chess.com INT"]
[Date "2018.11.06"]
[Round "7"]
[White "Leyva Proenza, Ricardo"]
[Black "Van Foreest, Jorden"]
[Result "1-0"]
[WhiteElo "2333"]
[BlackElo "2624"]
[PlyCount "125"]
[EventDate "2018.11.06"]
[EventType "swiss (blitz)"]
[EventRounds "10"]
[EventCountry "USA"]
[SourceTitle "EXT 2021"]
[Source "ChessBase"]
[SourceDate "2020.10.23"]
[SourceVersion "1"]
[SourceVersionDate "2020.10.23"]
[SourceQuality "1"]

1. e4 c5 2. Nf3 e6 3. d4 cxd4 4. Nxd4 Nc6 5. Nc3 Qc7 6. Be3 a6 7. Qd2 Nf6 8. f3 Bb4 9. a3 Be7 10. 0-0-0 b5 11. Nxc6 Qxc6 12. e5 Nd5 13. Nxd5 exd5 14. Qxd5 Bb7 15. Qxc6 Bxc6 16. Bd3 0-0 17. Kb1 g6 18. Rhe1 Rfe8 19. c3 Bf8 20. Bd4 a5 21. Be4 b4 22. axb4 axb4 23. Bxc6 dxc6 24. Kc2 c5 25. Bf2 Ra2 26. Kb3 Rea8 27. c4 R2a5 28. Rd5 Re8 29. Red1 Kg7 30. f4 Be7 31. Rd7 Ra6 32. Rc7 Ra5 33. Rdd7 Kf8 34. Rxe7 Rxe7 35. Bxc5 Rxc5 36. Rxc5 Rd7 37. Rd5 Rb7 38. g4 Ke7 39. f5 Rb8 40. Rb5 Rd8 41. Rb7+ Ke8 42. Kxb4 Rd2 43. Kc5 Rxh2 44. f6 h5 45. gxh5 gxh5 46. Rb8+ Kd7 47. Rf8 Ke6 48. Re8+ Kf5 49. Re7 Rxb2 50. Rxf7 Kxe5 51. Rh7 Kxf6 52. Rxh5 Rc2 53. Rd5 Ke6 54. Rd1 Ke7 55. Kb5 Rh2 56. c5 Rh6 57. c6 Rh2 58. Kb6 Rc2 59. Kb7 Rb2+ 60. Kc8 Rc2 61. c7 Rc3 62. Re1+ Kf7 63. Re4 1-0

[Event "Titled Tuesday intern op 6th Nov"]
[Site "Chess.com INT"]
[Date "2018.11.06"]
[Round "9"]
[White "Tejedor Fuente, Enrique"]
[Black "Leyva Proenza, Ricardo"]
[Result "0-1"]
[WhiteElo "2430"]
[BlackElo "2333"]
[PlyCount "220"]
[EventDate "2018.11.06"]
[EventType "swiss (blitz)"]
[EventRounds "10"]
[EventCountry "USA"]
[SourceTitle "EXT 2021"]
[Source "ChessBase"]
[SourceDate "2020.10.23"]
[SourceVersion "1"]
[SourceVersionDate "2020.10.23"]
[SourceQuality "1"]

1. d4 Nf6 2. c4 g6 3. h4 Bg7 4. h5 Nxh5 5. Rxh5 gxh5 6. e3 c5 7. dxc5 Na6 8. Qxh5 Qa5+ 9. Nd2 Qxc5 10. Qg4 Rg8 11. Bd3 d6 12. Qe2 Be6 13. a3 Qg5 14. g3 Nc5 15. Bc2 Bg4 16. Qf1 Qh5 17. Ra2 0-0-0 18. b4 Ne6 19. Be4 Ng5 20. Bg2 Kb8 21. f3 Bc8 22. Ne2 Ne6 23. Kf2 Qg6 24. Bb2 h5 25. Qb1 f5 26. Bxg7 Rxg7 27. Qh1 h4 28. Qxh4 Rh7 29. Nf4 Qf7 30. Nxe6 Rxh4 31. Nxd8 Qf6 32. gxh4 Qxh4+ 33. Ke2 Qg3 34. Bf1 Qg8 35. Nxb7 Bxb7 36. Kd3 e5 37. Rc2 Qg1 38. Ke2 f4 39. exf4 exf4 40. Rc3 Qh2+ 41. Kd1 Qf2 42. Be2 Kc7 43. Rd3 Bc6 44. b5 Bb7 45. Nb3 Qg1+ 46. Kd2 Qb1 47. Nd4 Qb2+ 48. Kd1 Qb1+ 49. Kd2 Qb2+ 50. Ke1 Qc1+ 51. Kf2 Qh1 52. Ne6+ Kd7 53. Nxf4 Qh2+ 54. Ke3 Qg1+ 55. Kd2 Qg5 56. Rd4 Kc7 57. Kc2 Qe5 58. Bd3 Bc8 59. Nd5+ Kb8 60. Re4 Qh2+ 61. Re2 Qh3 62. Be4 Be6 63. Nf4 Qh6 64. Nxe6 Qxe6 65. Bd3 Qf6 66. Kb3 Qxf3 67. Rd2 Kc7 68. a4 Qe3 69. Rd1 Kb6 70. Kb4 Qc5+ 71. Kc3 Ka5 72. Bc2 Qe3+ 73. Rd3 Qe1+ 74. Kb2 Kb4 75. Rb3+ Kxc4 76. Bd3+ Kc5 77. Bc2 Qe5+ 78. Kb1 Qf4 79. a5 Qf1+ 80. Kb2 Qf6+ 81. Kb1 Qf1+ 82. Kb2 Qf6+ 83. Ka2 Qf7 84. b6 axb6 85. axb6 Qb7 86. Kb2 d5 87. Bd3 Kd4 88. Ba6 Qxa6 89. b7 Qe2+ 90. Ka3 Qa6+ 91. Kb2 Qe2+ 92. Kb1 Qf1+ 93. Ka2 Qf2+ 94. Rb2 Qe1 95. b8Q Qa5+ 96. Kb1 Qe1+ 97. Kc2 Qe2+ 98. Kb3 Qd3+ 99. Ka4 Qa6+ 100. Kb4 Qc4+ 101. Ka5 Qc5+ 102. Ka6 Qa3+ 103. Kb7 Qxb2+ 104. Kc8 Qxb8+ 105. Kxb8 Kc3 106. Kc7 d4 107. Kc6 d3 108. Kb5 d2 109. Ka4 d1Q+ 110. Ka3 Qa1# 0-1

[Event "Titled Tuesday intern op 6th Nov"]
[Site "Chess.com INT"]
[Date "2018.11.06"]
[Round "6"]
[White "Vrolijk, Liam"]
[Black "Leyva Proenza, Ricardo"]
[Result "0-1"]
[WhiteElo "2435"]
[BlackElo "2333"]
[PlyCount "78"]
[EventDate "2018.11.06"]
[EventType "swiss (blitz)"]
[EventRounds "10"]
[EventCountry "USA"]
[SourceTitle "EXT 2021"]
[Source "ChessBase"]
[SourceDate "2020.10.23"]
[SourceVersion "1"]
[SourceVersionDate "2020.10.23"]
[SourceQuality "1"]

1. Nf3 Nf6 2. c4 g6 3. Nc3 Bg7 4. e4 d6 5. d4 0-0 6. Be2 e5 7. d5 a5 8. Bg5 h6 9. Bh4 Na6 10. Nd2 Bd7 11. 0-0 h5 12. a3 Bh6 13. f3 a4 14. Kh1 Nc5 15. Qc2 Bxd2 16. Qxd2 Nfxe4 17. Bxd8 Nxd2 18. Bxc7 Nxf1 19. Rxf1 Ra6 20. Nb5 Rc8 21. Kg1 Nb3 22. c5 Bxb5 23. cxd6 Bxe2 24. d7 Raa8 25. dxc8Q+ Rxc8 26. d6 Bb5 27. Re1 f6 28. f4 Re8 29. fxe5 Rxe5 30. Rd1 Bd7 31. h3 Kf7 32. Rd3 h4 33. Rc3 g5 34. Bd8 Rd5 35. Be7 Rd1+ 36. Kf2 Bc6 37. g3 Rd2+ 38. Ke3 hxg3 39. Rc1 Nxc1 0-1

[Event "Titled Tuesday intern Qual3 18th April"]
[Site "Chess.com INT"]
[Date "2017.04.18"]
[Round "1"]
[White "Leyva Proenza, Ricardo"]
[Black "Narayanan, Sunilduth Lyna"]
[Result "0-1"]
[WhiteElo "2333"]
[BlackElo "2551"]
[PlyCount "56"]
[EventDate "2017.04.18"]
[EventType "swiss (blitz)"]
[EventRounds "10"]
[EventCountry "USA"]
[SourceTitle "EXT 2021"]
[Source "ChessBase"]
[SourceDate "2020.10.23"]
[SourceVersion "1"]
[SourceVersionDate "2020.10.23"]
[SourceQuality "1"]

1. e4 c5 2. Nf3 d6 3. d4 cxd4 4. Nxd4 Nf6 5. Nc3 Bd7 6. Bg5 e6 7. Ndb5 Bc6 8. Nd4 Be7 9. Qd2 0-0 10. 0-0-0 Nbd7 11. f3 h6 12. Be3 d5 13. exd5 Bxd5 14. Kb1 Rc8 15. Nxd5 Nxd5 16. Bf2 Bg5 17. Qe1 N7b6 18. h4 Be7 19. Bd3 Na4 20. c4 Nb4 21. Be4 Qa5 22. Nb3 Qa6 23. a3 Qxc4 24. Nc1 Nxb2 25. axb4 Nxd1 26. Qxd1 Qxb4+ 27. Ka1 Bf6+ 28. Ka2 Qb2# 0-1

[Event "Caracas Sunaval 2nd"]
[Site "Caracas"]
[Date "2015.08.15"]
[Round "7"]
[White "Leyva Proenza, Ricardo"]
[Black "Gascon del Nogal, Jose Rafael"]
[Result "1-0"]
[WhiteElo "2328"]
[BlackElo "2371"]
[PlyCount "75"]
[EventDate "2015.08.12"]
[EventType "tourn"]
[EventRounds "9"]
[EventCountry "VEN"]
[EventCategory "2"]
[SourceTitle "EXT 2016"]
[Source "ChessBase"]
[SourceDate "2015.10.08"]
[SourceVersion "1"]
[SourceVersionDate "2015.10.08"]
[SourceQuality "1"]

1. e4 c5 2. Nf3 d6 3. d4 cxd4 4. Nxd4 Nf6 5. Nc3 a6 6. f3 e5 7. Nb3 Be6 8. Be3 Be7 9. Qd2 0-0 10. 0-0-0 a5 11. Kb1 a4 12. Nc1 a3 13. b3 Ra5 14. Bc4 Bxc4 15. bxc4 Ra6 16. Nb3 Qc8 17. Nd5 Nxd5 18. cxd5 Nd7 19. Rc1 Bd8 20. c4 Bb6 21. g4 Qc7 22. Rc2 Rc8 23. Rhc1 Nc5 24. Ka1 Qb8 25. h4 Qa7 26. Bf2 Ra4 27. h5 f6 28. h6 g5 29. Rb1 Qa6 30. Bxc5 Bxc5 31. Qd3 Bb6 32. Rbc1 Re8 33. Qe2 Rb4 34. Qd2 Rxb3 35. axb3 Qa7 36. Ka2 Be3 37. Qb4 Qc5 38. Qxb7 1-0

[Event "Caracas Sunaval 2nd"]
[Site "Caracas"]
[Date "2015.08.14"]
[Round "4"]
[White "Brizuela Abreu, Reivis Gabriel"]
[Black "Leyva Proenza, Ricardo"]
[Result "1-0"]
[WhiteElo "2207"]
[BlackElo "2328"]
[PlyCount "55"]
[EventDate "2015.08.12"]
[EventType "tourn"]
[EventRounds "9"]
[EventCountry "VEN"]
[EventCategory "2"]
[SourceTitle "EXT 2016"]
[Source "ChessBase"]
[SourceDate "2015.10.08"]
[SourceVersion "1"]
[SourceVersionDate "2015.10.08"]
[SourceQuality "1"]

1. d4 Nf6 2. c4 g6 3. Nf3 Bg7 4. g3 0-0 5. Bg2 d6 6. 0-0 Nbd7 7. Nc3 c6 8. e4 e5 9. h3 Qb6 10. c5 dxc5 11. dxe5 Ne8 12. Qc2 Nxe5 13. Nxe5 Bxe5 14. Na4 Qc7 15. Nxc5 Qe7 16. Be3 Bg7 17. f4 b6 18. Na4 Bb7 19. Rfe1 Nf6 20. Nc3 Rac8 21. Rad1 Nh5 22. g4 Bxc3 23. Qxc3 Ng7 24. f5 f6 25. Bf4 Qf7 26. e5 fxe5 27. Bxe5 Rce8 28. f6 1-0